| 000 | 00522nam a22001937a 4500 | ||
|---|---|---|---|
| 005 | 20260323131717.0 | ||
| 008 | 260323b |||||||| |||| 00| 0 eng d | ||
| 037 | _cDSWL | ||
| 040 |
_aDSWL _cDSWL |
||
| 041 | _heng | ||
| 100 | _aBhatt, Sanjai | ||
| 245 | _aSocial work education in India | ||
| 260 |
_aNew Delhi, _bAlternotes Press, _c2015 |
||
| 300 | _a380p | ||
| 365 |
_aINR _b800 |
||
| 700 |
_aDigvijay Phukan _91132549 |
||
| 942 |
_2CC _cTEXL _n0 |
||
| 999 |
_c1726399 _d1726399 |
||